000 00682nam a22002537a 4500
999 _c412339
_d412339
001 125115
003 UA-OsUOA
005 20191216145422.0
007 ta
008 20170906b un ||||| |||| 00| 0 ukr d
020 _a5-308-00866-3
040 _aUA-OsUOA
_bukr
_cUA-OsUOA
_dUA-OsUOA
041 _aukr
080 _a821.161.2
090 _a821.161.2
_bТ16
100 _aТалалай Л.
245 _aВибране: поезії
260 _aК.
_bДніпро
_c1991
300 _a541 с.
650 7 _a82 Література. Літературознавство
_2UDC
942 _cBK
_2udc
955 _a3